| 000 | 01236nam a22003377a 4500 | ||
|---|---|---|---|
| 003 | CHAP | ||
| 005 | 20220329134734.0 | ||
| 008 | 971013s r 00010 d | ||
| 010 | _a25063 | ||
| 011 | _a26035 | ||
| 035 | _a30135 | ||
| 040 | _cCHAP | ||
| 082 |
_a632.084 _bC65 |
||
| 110 |
_aCommonwealth Mycological Institute _926023 |
||
| 245 | _aDistribution maps of plant diseases, No. 1 - 19 - | ||
| 260 |
_aLondon : _b(s.e.), _c19 - |
||
| 300 | _amapas | ||
| 500 | _aNo. 1-398, 400-424, 426-433, 436-441, 443-453, 457-459, 461-545, 549-554, 558-560, 564-578, 590-643 | ||
| 590 |
_aBATCH-UPD _b10 _c20130110 _lUCH01 _h2246 |
||
| 590 |
_aBATCH-UPD _b10 _c20130410 _lUCH01 _h1540 |
||
| 590 |
_aBATCH-UPD _b10 _c20130914 _lUCH01 _h1413 |
||
| 590 |
_aCONVERSION _b10 _c20130109 _lUCH01 _h1315 |
||
| 650 | 1 | 4 |
_aFitopatología _xMapas. _941174 |
| 901 | _aBK | ||
| 942 | _cLIBRO | ||
| 949 |
_a632.084 C65 _bBC _cESP _d-151187 _eESP _fv.2 _h46058 _i30135 _si |
||
| 949 |
_a632.084 C65 _bBC _cESP _d-151188 _eESP _fv.3 _h70458 _i30135 _si |
||
| 949 |
_a632.084 C65 _bBC _cESP _d-151189 _eESP _fv.4 _h81798 _i30135 _si |
||
| 949 |
_a632.084 C65 _bBC _cESP _d-151190 _eESP _fv.5 _h81799 _i30135 _si |
||
| 949 |
_a632.084 C65 _bBC _cESP _d-69652 _eESP _fv.1 _h25953 _i30135 _si |
||
| 999 |
_c25063 _d25063 |
||